000 00940nam a22003137a 4500
003 CHAP
005 20220817041619.0
008 971013s1965 r 00010 d
010 _a19727
011 _a20699
035 _a24787
040 _cCHAP
082 _a338.9
_bA5
100 0 0 _aAnderson, C. Arnold.
_95560
245 _aEducation and economic development
260 _aChicago :
_bAldine,
_c1965
300 _a436 p.
_b: ilus
590 _aBATCH-UPD
_b10
_c20130110
_lUCH01
_h0309
590 _aBATCH-UPD
_b10
_c20130110
_lUCH01
_h1802
590 _aBATCH-UPD
_b10
_c20130409
_lUCH01
_h2341
590 _aBATCH-UPD
_b10
_c20130914
_lUCH01
_h0744
590 _aCONVERSION
_b10
_c20130109
_lUCH01
_h1312
650 1 4 _aDesarrollo económico.
650 1 4 _aEducación.
_935409
700 0 _aBowman, Mary Jean.
_914845
901 _aBK
942 _cLIBRO
949 _a338.9 A5
_bBC
_cLIBRO
_d33724000156253
_eLIBRO
_h12775
_i24787
_si
_t121.00
999 _c19727
_d19727